Text book of environmental studies (Record no. 4835)

MARC details
000 -LEADER
fixed length control field 00341nam a2200145Ia 4500
008 - FIXED-LENGTH DATA ELEMENTS--GENERAL INFORMATION
fixed length control field 191201s2011 xx 000 0 und d
082 ## - DEWEY DECIMAL CLASSIFICATION NUMBER
Classification number 333.7
Item number SIT
100 ## - MAIN ENTRY--PERSONAL NAME
Personal name SINHA,Shradha
245 #0 - TITLE STATEMENT
Title Text book of environmental studies
250 ## - EDITION STATEMENT
Edition statement Rev.
260 ## - PUBLICATION, DISTRIBUTION, ETC. (IMPRINT)
Place of publication, distribution, etc N.Delhi
Name of publisher, distributor, etc AITBS Pub.
Date of publication, distribution, etc 2011
300 ## - PHYSICAL DESCRIPTION
Extent 327
650 ## - SUBJECT ADDED ENTRY--TOPICAL TERM
Topical term or geographic name as entry element BBA
942 ## - ADDED ENTRY ELEMENTS (KOHA)
Source of classification or shelving scheme Dewey Decimal Classification
Koha item type Text Books
Holdings
Withdrawn status Lost status Source of classification or shelving scheme Damaged status Not for loan Collection code Home library Current library Date acquired Source of acquisition Cost, normal purchase price Bill Number Total Checkouts Full call number Acc. no. / Barcode Date last seen Date last borrowed Bill Date Koha item type Checked out Public note
    Dewey Decimal Classification     BBA PIET C-LIBRARY PIET C-LIBRARY 29/07/2011 The book company 150.00 IN-858 10 333.7 SIE 17455 30/03/2026 18/03/2026 27/07/2011 Text Books    
    Dewey Decimal Classification     BBA PIET C-LIBRARY PIET C-LIBRARY 29/07/2011 The book company 150.00 IN-858 5 333.7 SIE 17456 02/09/2025 02/09/2025 27/07/2011 Text Books 02/03/2026  
    Dewey Decimal Classification     BBA PIET C-LIBRARY PIET C-LIBRARY 29/07/2011 The book company 150.00 IN-858 3 333.7 SIT 17457 25/03/2026 10/03/2026 27/07/2011 Text Books   .
    Dewey Decimal Classification     BBA PIET C-LIBRARY PIET C-LIBRARY 29/07/2011 The book company 150.00 IN-858 9 333.7 SIT 17458 17/05/2023 17/05/2023 27/07/2011 Text Books 31/05/2023  
    Dewey Decimal Classification     BBA PIET C-LIBRARY PIET C-LIBRARY 29/07/2011 The book company 150.00 IN-858 13 333.7 SIE 17459 30/03/2026 18/03/2026 27/07/2011 Text Books    
    Dewey Decimal Classification     BBA PIET C-LIBRARY PIET C-LIBRARY 29/07/2011 The book company 150.00 IN-858   333.7 SIT 17460 04/12/2019   27/07/2011 Text Books    
    Dewey Decimal Classification     BBA PIET C-LIBRARY PIET C-LIBRARY 29/07/2011 The book company 150.00 IN-858 8 333.7 SIE 17461 30/03/2026 18/03/2026 27/07/2011 Text Books    

Design & Developed by: PIET Central Library
R70 Miles Stone Pattikalyana Samalkha Panipat 132102
mail ID :- [email protected], Phone No:- 0180-2569700 Ex.216